Epistola Ss. D. N. Benedicti XIV ad ministrum generalem Ordinis Minorum Sancti Francisci de Observantia una cum decreto Congregationis Particularis coram sanctitate sua habitae die 5 decembris 1747 in causa ven. Sor. Mariae a Jesu de Agreda, praesertim circa examen libri nomine illius vulgati, cui titulus Mystica Civitas Dei, juxta exemplar romanorum

Detalles Bibliográficos
Autor principal: Benedicto XIV, papa (1675-1758)
Formato: Libro
Lenguaje:Undetermined
Latin
Publicado: reimpressae Augustae Vindelicorum : apud Martinum Veith, 1748.
Materias:
Colección:Banco de datos
Acervo:Biblioteca Palafoxiana. Colección bibliográfica
Descripción Física:[16], 19, 578 p. ; 4°
Tema general:Pontífices
Notas:Número de localización: 14941-B; 14106
LEADER 00914nam a2200181Ia 4500
008 150723s9999 xx 000 0 und d
041 0 |a lat 
050 0 |a PAFX BX2030 A5 
100 1 |a Benedicto XIV, papa (1675-1758) 
245 1 0 |a Epistola Ss. D. N. Benedicti XIV ad ministrum generalem Ordinis Minorum Sancti Francisci de Observantia una cum decreto Congregationis Particularis coram sanctitate sua habitae die 5 decembris 1747 in causa ven. Sor. Mariae a Jesu de Agreda, praesertim circa examen libri nomine illius vulgati, cui titulus Mystica Civitas Dei, juxta exemplar romanorum 
260 |a reimpressae Augustae Vindelicorum : apud Martinum Veith, 1748. 
300 |a [16], 19, 578 p. ; 4° 
500 |a Número de localización: 14941-B; 14106 
501 |a Encuadernado con 2 obras 
650 1 0 |a Pontífices 
942 |c PALALIB 
943 |g Biblioteca Palafoxiana. Colección bibliográfica 
999 |c 1057562  |d 1057562